|
|
|
|
| LEADER |
01114nam a2200301 4500 |
| 001 |
000014942 |
| 003 |
11312 |
| 005 |
20120517140543.0 |
| 008 |
120517s1999 viesd |
| 020 |
|
|
|c 18000đ
|
| 041 |
0 |
|
|a vie
|
| 082 |
|
|
|a 915.597
|b Địa
|
| 245 |
|
0 |
|a Địa lý Du lịch
|c Nguyễn Minh Tuệ, Vũ Tuấn Cảnh, Lê Thông, Phạm Xuân Hậu, Nguyễn Kim Hồng
|
| 260 |
|
|
|a Tp. Hồ Chí Minh
|b Thành phố Hồ Chí Minh
|c 1999
|
| 300 |
|
|
|a 264 tr.
|c 21 cm
|
| 653 |
|
|
|a Địa lý
|
| 653 |
|
|
|a Du lịch
|
| 700 |
|
|
|a Nguyễn Minh Tuệ
|a Vũ Tuấn Cảnh
|a Lê Thông
|a Phạm Xuân Hậu
|a Nguyễn Kim Hồng
|e Tác giả
|
| OWN |
|
|
|a LSP
|
| AVA |
|
|
|a UDN50
|b LSP
|d 915.597 Địa
|e available
|t Error 5001 Not defined in file expand_doc_bib_avail.
|f 2
|g 0
|h N
|i 0
|k 1
|
| 999 |
|
|
|a From the UDN01
|
| AVA |
|
|
|a UDN50
|b LSP
|d 915.597 Địa
|e available
|t Error 5001 Not defined in file expand_doc_bib_avail.
|f 2
|g 0
|h N
|i 0
|k 1
|
| TYP |
|
|
|a Monograph
|
| TYP |
|
|
|a Printed language
|
| 980 |
|
|
|a Mạng thư viện Đại học Đà Nẵng
|